Guess the city by picture #1 - Statistics

General Stats
  • This quiz has been taken 62 times
  • The average score is 5 of 10
Answer Stats
Picture Answer % Correct
Sydney
100%
London
95%
Toronto
89%
Seattle
84%
Seoul
40%
Hong Kong
33%
Los Angeles
31%
Mexico City
25%
Pyongyang
22%
Johannesburg
11%
No matching quizzes found
Score Distribution
Percent of People with Each Score
Percentile by Number Answered
Your Score History
You have not taken this quiz